| 000 | 00919nam a2200205 4500 | ||
|---|---|---|---|
| 008 | 101011s2010 ch 000 0 chi | ||
| 020 |
_a9789579186551 : _cNT15,000.00/12,750.00/Php18,231.86 |
||
| 090 |
_aBV4509.C5 _bC45 _b2010 _bv.III |
||
| 100 | 1 | _a周聯華 Chow, Lien Hwa | |
| 245 | 1 | 0 |
_a從舊約到新約(附:舊詞重提) = _bCong jiu yue dao xin yue {ch} / _c周聯華 by Lien Hwa Chow |
| 260 |
_aTaipei : _b臺灣基督教文藝出版社 Taiwan Christian Literature, _c2010 |
||
| 300 |
_a228 p. ; _c23 cm. |
||
| 490 | 1 |
_aLien Hwa Chow collection series ; _v3 |
|
| 490 | 1 |
_a周聯華全集 聖經研究 神學系列 Zhou Lianhua quan ji ; _v3.% |
|
| 650 | 4 |
_aBible. O.T. _xCriticism, interpretation,etc.{ch}. |
|
| 650 | 4 |
_aChristian literature _xCollections {ch} |
|
| 700 | 1 | _aZhou, Lianhua | |
| 951 |
_pC-9911 _x00039597 _oREF-CHBV4509.C5/C45/2010/v.III _j101011135250026 _d2000-12-21 _cRef-CH |
||
| 999 |
_c34809 _d34809 |
||